[Event "Waikato Open"]
[Site "Hamilton"]
[Date "2012.08.04"]
[Round "3.3"]
[White "Bennett, Hilton P"]
[Black "Garbett, Paul A"]
[Result "0-1"]
[WhiteElo "2117"]
[BlackElo "2338"]
[PlyCount "92"]
[EventDate "2012.08.03"]
[EventType "swiss"]
[EventRounds "6"]
[SourceDate "2010.09.23"]

1. e4 e6 2. d3 d5 3. Qe2 dxe4 4. dxe4 e5 5. c3 c6 6. Qc2 Be6 7. Nf3 f6 8. Be3
Nd7 9. Nbd2 Bc5 10. Bxc5 Nxc5 11. Rd1 b5 12. Nc4 Qc7 13. Nd6+ Ke7 14. b4 Nb7
15. Nxb7 Qxb7 16. Be2 Nh6 17. O-O a5 18. c4 Rhc8 19. bxa5 b4 20. Rd2 Rxa5 21.
Rb1 c5 22. h3 Nf7 23. Nh2 Nd6 24. f3 Qa6 25. Rbd1 Rc6 26. Nf1 Ra3 27. Qb1 Rc3
28. Rc2 Rxc2 29. Qxc2 Qa3 30. Rd3 Qa7 31. Ne3 Ra6 32. Rd2 Ra3 33. Nd5+ Bxd5 34.
exd5 g6 35. Qb2 Nf5 36. Rc2 Nd4 37. Rd2 Kd6 38. Kf2 Rc3 39. Bf1 f5 40. Bd3 Qe7
41. Qb1 Qh4+ 42. Kf1 Qf4 43. Qd1 e4 44. Be2 exf3 45. gxf3 Nxf3 46. Bxf3 Rxf3+
0-1

[Event "Waikato Open"]
[Site "Hamilton"]
[Date "2012.08.04"]
[Round "3.4"]
[White "Lim, Benji"]
[Black "Pinic, Noel"]
[Result "1/2-1/2"]
[WhiteElo "2056"]
[BlackElo "2251"]
[PlyCount "151"]
[EventDate "2012.08.03"]
[EventType "swiss"]
[EventRounds "6"]
[SourceDate "2010.09.23"]

1. e4 c6 2. d4 d5 3. e5 b6 4. Bd3 Ba6 5. e6 fxe6 6. Qh5+ Kd7 7. Nf3 Bxd3 8.
Ne5+ Kc8 9. cxd3 Nf6 10. Qh3 Rg8 11. Qxe6+ Kb7 12. a4 Qc8 13. Qxc8+ Kxc8 14.
O-O {(=)} Nfd7 15. Bf4 g5 16. Bg3 Nxe5 17. dxe5 e6 18. Nd2 a5 19. Rac1 Ra7 20.
Nb3 Rf7 21. Nd4 Kd7 22. Rc2 h5 23. f4 Bc5 24. Rxc5 bxc5 25. Nb3 Na6 26. Nxa5 h4
27. Be1 h3 28. fxg5 Rxf1+ 29. Kxf1 hxg2+ 30. Kxg2 Rxg5+ 31. Bg3 Nb4 32. d4 cxd4
33. Nb3 Nd3 34. a5 c5 35. h4 Rf5 36. Kh3 Kc6 37. Kg4 Nxe5+ 38. Bxe5 Rxe5 39. a6
Re2 40. h5 Rxb2 41. h6 Rh2 42. Nxc5 Rxh6 43. a7 Rh8 44. Nxe6 d3 45. Kf3 Kb7 46.
Nc5+ Kxa7 47. Ke3 Rh3+ 48. Kd2 Kb6 49. Nxd3 d4 50. Nf4 Rf3 51. Ne6 d3 52. Nd4
Rh3 53. Ne6 Kb5 54. Nf4 Rh4 55. Nxd3 Kc4 56. Ne5+ Kd5 57. Nf3 Ra4 58. Ke3 Re4+
59. Kd3 Rf4 60. Ke3 Rf5 61. Nd2 Rh5 62. Nf3 Rh8 63. Kd3 Ra8 64. Ke3 Ra3+ 65.
Kf4 Rd3 66. Ng5 Rd4+ 67. Kf5 Rd1 68. Nf3 Rf1 69. Kf4 Rf2 70. Ke3 Rg2 71. Kf4
Re2 72. Ng5 Re5 73. Nf3 Re4+ 74. Kf5 Re8 75. Kf4 Rf8+ 76. Ke3 1/2-1/2

[Event "Waikato Open"]
[Site "Hamilton"]
[Date "2012.08.04"]
[Round "3.5"]
[White "Smith, Robert W"]
[Black "Stuart, Peter W"]
[Result "1/2-1/2"]
[WhiteElo "2333"]
[BlackElo "2107"]
[PlyCount "57"]
[EventDate "2012.08.03"]
[EventType "swiss"]
[EventRounds "6"]
[SourceDate "2010.09.23"]

1. e4 c5 2. Nc3 Nc6 3. f4 e6 4. Nf3 Nge7 5. Bb5 a6 6. Bxc6 Nxc6 7. O-O Be7 8.
d3 O-O 9. Qe1 d6 10. Bd2 b5 11. Ne2 Bb7 12. Ng3 Qd7 13. f5 exf5 14. Nxf5 Bf6
15. Qg3 Ne5 16. Nxe5 Bxe5 17. Bf4 f6 18. h4 Rad8 19. h5 Qc7 20. Rae1 Bc8 21.
Bxe5 dxe5 22. h6 Bxf5 23. Rxf5 g6 24. Ref1 Qe7 25. R5f3 Rd6 26. Qf2 Rc6 27. Qh4
Rf7 28. b3 b4 29. Qf2 1/2-1/2

[Event "Waikato Open"]
[Site "Hamilton"]
[Date "2012.08.04"]
[Round "3.6"]
[White "Dolejs, Dan"]
[Black "Hart, Ralph"]
[Result "0-1"]
[WhiteElo "1822"]
[BlackElo "2272"]
[PlyCount "120"]
[EventDate "2012.08.03"]
[EventType "swiss"]
[EventRounds "6"]
[SourceDate "2010.09.23"]

1. b4 e5 2. Bb2 d6 3. e3 Nd7 4. Bb5 c6 5. Ba4 Ngf6 6. Nf3 Be7 7. a3 O-O 8. O-O
Nb6 9. Bb3 Bg4 10. d3 Qc7 11. Nbd2 Rfe8 12. h3 Bh5 13. g4 Bg6 14. Nh4 Kh8 15.
f4 exf4 16. exf4 Nfd5 17. Nxg6+ fxg6 18. Qf3 Bf6 19. Bxf6 Nxf6 20. g5 Nh5 21.
Qg4 d5 22. Rf3 Re2 23. Nf1 Rf8 24. f5 Qe5 25. fxg6 Rxf3 26. Qxf3 Nf4 27. Rd1
Qxg5+ 28. Kh1 hxg6 29. Nh2 Qh4 30. Rg1 g5 31. c3 Qxh3 32. Qxh3+ Nxh3 33. Rg3
Re1+ 34. Kg2 Nf4+ 35. Kf3 Rb1 36. Rxg5 Nxd3 37. Ke3 Rxb3 38. Kxd3 Na4 39. Ng4
Rxc3+ 40. Kd4 Rxa3 41. Ke5 Kh7 42. Ke6 Rf3 43. Ne5 Rf6+ 44. Ke7 Nb6 45. Nf7 Kg8
46. Ne5 Nc8+ 47. Kd7 Nb6+ 48. Ke7 Rf4 49. Nd3 Rf7+ 50. Ke6 Rf6+ 51. Ke7 Nc4 52.
Nc5 Ne3 53. Ne6 Rf7+ 54. Ke8 Nf5 55. Kd8 Nd6 56. Rg6 Ne4 57. Rg2 g5 58. Rg4 Kh7
59. Ke8 Kg6 60. Kd8 Kf5 0-1

[Event "Waikato Open"]
[Site "Hamilton"]
[Date "2012.08.04"]
[Round "3.7"]
[White "Burns, Christopher J"]
[Black "Rossiter, Philip E"]
[Result "1-0"]
[WhiteElo "2097"]
[BlackElo "1810"]
[PlyCount "69"]
[EventDate "2012.08.03"]
[EventType "swiss"]
[EventRounds "6"]
[SourceDate "2010.09.23"]

1. e4 e6 2. d4 d5 3. Nc3 Nf6 4. Bg5 Bb4 5. e5 h6 6. exf6 hxg5 7. fxg7 Rg8 8.
Qh5 Qf6 9. Nf3 Qxg7 10. h4 gxh4 11. Rxh4 Nd7 12. O-O-O Nf6 13. Qe5 Bd6 14. Qe3
Bd7 15. g3 O-O-O 16. Ne5 Kb8 17. Be2 Bb4 18. Rdh1 Bxc3 19. Qxc3 Ne4 20. Qe3 Qg5
21. Nxd7+ Rxd7 22. Rxe4 a6 23. Qxg5 Rxg5 24. Re5 Rg7 25. Rh8+ Ka7 26. Rf8 Rd6
27. Rh5 Kb6 28. Bd3 c5 29. c3 cxd4 30. cxd4 Rg4 31. Rh4 Rc6+ 32. Kd2 Rg7 33.
Rh7 Rxh7 34. Bxh7 f5 35. Rf6 1-0

[Event "Waikato Open"]
[Site "Hamilton"]
[Date "2012.08.04"]
[Round "3.8"]
[White "Shierlaw, Hamish"]
[Black "Wagner, Stefan"]
[Result "0-1"]
[WhiteElo "1628"]
[BlackElo "1942"]
[PlyCount "122"]
[EventDate "2012.08.03"]
[EventType "swiss"]
[EventRounds "6"]
[SourceDate "2010.09.23"]

1. e4 c6 2. d4 d5 3. Nc3 dxe4 4. Nxe4 Bf5 5. Ng3 Bg6 6. Nf3 Nd7 7. Bd3 Bxd3 8.
Qxd3 Ngf6 9. O-O e6 10. Bf4 Be7 11. Rfe1 O-O 12. c4 Re8 13. Ne5 Nxe5 14. Bxe5
Qd7 15. Rad1 Rad8 16. a3 Ng4 17. Bf4 Nf6 18. b4 c5 19. bxc5 Bxc5 20. Ne2 h6 21.
h3 Be7 22. Qc3 Qa4 23. c5 Rd7 24. Qb4 Qc6 25. Be5 Red8 26. Nc3 Nd5 27. Nxd5
Rxd5 28. Rb1 R8d7 29. Qb5 Qxb5 30. Rxb5 f6 31. Bg3 Kf7 32. Reb1 Rxd4 33. Rxb7
Bxc5 34. Rxd7+ Rxd7 35. Rb3 e5 36. Kh2 Ke6 37. f3 Rd1 38. Rb7 g6 39. h4 Rd7 40.
Rb3 f5 41. Be1 Rd1 42. Bb4 Bxb4 43. Rxb4 Rd4 44. Rb5 Rxh4+ 45. Kg3 Ra4 46. Rb3
g5 47. Kf2 h5 48. g3 Kd5 49. Ke3 h4 50. gxh4 gxh4 51. Rb5+ Ke6 52. Rb3 Kf6 53.
Kf2 Kg5 54. Kg2 e4 55. fxe4 fxe4 56. Kh3 Kf4 57. Kxh4 e3 58. Kh3 Kf3 59. Kh2
Kf2 60. Kh3 e2 61. Rb2 Kf1 0-1

[Event "Waikato Open"]
[Site "Hamilton"]
[Date "2012.08.04"]
[Round "3.9"]
[White "Duneas, John"]
[Black "Wright, Caleb"]
[Result "1-0"]
[WhiteElo "2226"]
[BlackElo "1979"]
[PlyCount "129"]
[EventDate "2012.08.03"]
[EventType "swiss"]
[EventRounds "6"]
[SourceDate "2010.09.23"]

1. d4 e6 2. Nf3 f5 3. c4 Nf6 4. Nc3 c6 5. g3 d5 6. Bg2 Bd6 7. O-O O-O 8. b3
Nbd7 9. Bb2 Ne4 10. e3 b6 11. cxd5 Nxc3 12. Bxc3 cxd5 13. Qd2 Qe7 14. Ne5 Bb7
15. Nxd7 Qxd7 16. Bb4 Rfc8 17. Rfc1 Kf7 18. Bf1 Ke7 19. a4 Bxb4 20. Qxb4+ Qd6
21. Qd2 a5 22. Bb5 Kd8 23. Qe2 g6 24. Qf1 Qe7 25. Rxc8+ Rxc8 26. Rc1 Rxc1 27.
Qxc1 Qc7 28. Qf1 Qe7 29. Qh3 Kc7 30. Qh6 Bc6 31. Be2 Be8 32. Qf4+ Qd6 33. Qh4
h5 34. Qf6 Qd7 35. Bb5 Qf7 36. Qe5+ Kb7 37. Be2 g5 38. Qd6 g4 39. Qd8 Qd7 40.
Qf6 Qf7 41. Qh8 Qe7 42. Kg2 Kc7 43. h3 Kb7 44. Bb5 Bf7 45. Qe5 Qc7 46. Qxc7+
Kxc7 47. f3 Kd6 48. Be2 gxf3+ 49. Kxf3 e5 50. Bb5 Ke6 51. Ba6 Kd6 52. Bc8 Be6
53. dxe5+ Kxe5 54. Bxe6 Kxe6 55. Kf4 Kd6 56. Kxf5 Kc5 57. g4 hxg4 58. hxg4 Kb4
59. g5 Kxb3 60. g6 Kxa4 61. g7 b5 62. g8=Q b4 63. Qxd5 b3 64. Ke4 b2 65. Qa2+
1-0

[Event "Waikato Open"]
[Site "Hamilton"]
[Date "2012.08.04"]
[Round "3.10"]
[White "Nolan, Graham"]
[Black "Lyall, Simon"]
[Result "1/2-1/2"]
[WhiteElo "1657"]
[BlackElo "1880"]
[PlyCount "110"]
[EventDate "2012.08.03"]
[EventType "swiss"]
[EventRounds "6"]
[SourceDate "2010.09.23"]

1. e4 e5 2. Nf3 Nf6 3. Nxe5 d6 4. Nf3 Nxe4 5. Qe2 Qe7 6. d3 Nf6 7. Bg5 Nbd7 8.
Nbd2 Qxe2+ 9. Bxe2 Be7 10. O-O O-O 11. d4 d5 12. Bd3 Bd6 13. Rfe1 h6 14. Bh4 g5
15. Bg3 Bxg3 16. hxg3 Nb6 17. Re7 Ne8 18. Rae1 Be6 19. R1xe6 fxe6 20. Rxe6 Nf6
21. Bg6 Nbd7 22. Re7 Rad8 23. Ne5 Nxe5 24. dxe5 Nd7 25. Nf3 c6 26. Nd4 Nc5 27.
Nf5 Rd7 28. Rxd7 Nxd7 29. e6 Ne5 30. e7 Nxg6 31. Nxh6+ Kg7 32. exf8=Q+ Kxf8 33.
Nf5 a6 34. a4 Ne5 35. f3 Nc4 36. b3 Na3 37. c3 Nb1 38. c4 dxc4 39. bxc4 b5 40.
cxb5 cxb5 41. axb5 axb5 42. Nd4 b4 43. Nb3 Ke7 44. Kf2 Kf6 45. Ke3 Nc3 46. Kd3
Ke5 47. Nd2 Nd1 48. Kc4 Ne3+ 49. Kxb4 Nxg2 50. Kc4 g4 51. Kd3 gxf3 52. Nxf3+
Kf5 53. Ke2 Kg4 54. Kf2 Ne3 55. Nh2+ Kh3 1/2-1/2

[Event "Waikato Open"]
[Site "Hamilton"]
[Date "2012.08.04"]
[Round "3.11"]
[White "Mukkattu, Philip"]
[Black "Ang, Alphaeus WeiErn"]
[Result "1/2-1/2"]
[WhiteElo "1788"]
[BlackElo "1814"]
[PlyCount "120"]
[EventDate "2012.08.03"]
[EventType "swiss"]
[EventRounds "6"]
[SourceDate "2010.09.23"]

1. d4 Nf6 2. c4 g6 3. Qc2 Bg7 4. Nc3 O-O 5. e4 d6 6. Nf3 Nbd7 7. Bd3 e5 8. d5
a5 9. O-O h6 10. h3 Nc5 11. Be3 Nxd3 12. Qxd3 b6 13. Rac1 Nh5 14. Qd2 g5 15.
Qe2 Nf4 16. Bxf4 exf4 17. Rfe1 Re8 18. Qd3 h5 19. b3 g4 20. hxg4 hxg4 21. Nd4
Qf6 22. Ncb5 Re7 23. Nc6 Rd7 24. e5 dxe5 25. Rxe5 Bb7 26. Qe4 Bxc6 27. dxc6
Qxe5 28. Qxe5 Bxe5 29. cxd7 Rd8 30. Re1 f6 31. Rd1 Kf7 32. f3 g3 33. Kf1 Ke7
34. Ke2 Rxd7 35. Rxd7+ Kxd7 36. Kd3 c6 37. Na3 f5 38. Nc2 Kd6 39. a3 b5 40.
cxb5 cxb5 41. Nd4 Kc5 42. b4+ axb4 43. axb4+ Kb6 44. Nxf5 Kc6 45. Nd4+ Kb6 46.
Ke4 Bd6 47. Nc2 Kc6 48. Kd4 Kb6 49. Kc3 Kc6 50. Nd4+ Kb6 51. Kb3 Be5 52. Ne6
Kc6 53. Nc5 Bd6 54. Nd3 Kd5 55. Kc3 Be5+ 56. Nxe5 Kxe5 57. Kd3 Kd5 58. Kc3 Ke5
59. Kd3 Kd5 60. Kc3 Ke5 1/2-1/2

[Event "Waikato Open"]
[Site "Hamilton"]
[Date "2012.08.04"]
[Round "4.1"]
[White "Hague, Ben"]
[Black "Noble, Mark F"]
[Result "1/2-1/2"]
[WhiteElo "2436"]
[BlackElo "2300"]
[PlyCount "40"]
[EventDate "2012.08.03"]
[EventType "swiss"]
[EventRounds "6"]
[SourceDate "2010.09.23"]

1. d4 d5 2. Nf3 Nf6 3. e3 c6 4. c4 e6 5. Bd3 Nbd7 6. O-O Bd6 7. b3 e5 8. dxe5
Nxe5 9. Bb2 dxc4 10. Bxe5 Bxe5 11. Nxe5 cxd3 12. Nxd3 Bf5 13. Nc5 b6 14. Nb7
Qxd1 15. Rxd1 Ke7 16. Nd6 Bc2 17. Rd2 Rhd8 18. Rxc2 Rxd6 19. Nc3 Rad8 20. Kf1
Rd2 1/2-1/2

[Event "Waikato Open"]
[Site "Hamilton"]
[Date "2012.08.04"]
[Round "4.2"]
[White "Hart, Ralph"]
[Black "Pinic, Noel"]
[Result "1-0"]
[WhiteElo "2272"]
[BlackElo "2251"]
[PlyCount "155"]
[EventDate "2012.08.03"]
[EventType "swiss"]
[EventRounds "6"]
[SourceDate "2010.09.23"]

1. d4 Nf6 2. Bg5 c6 3. Bxf6 exf6 4. c3 d5 5. e3 Bd6 6. Bd3 O-O 7. Nd2 Re8 8.
Ngf3 h6 9. Qc2 Nd7 10. O-O Nf8 11. e4 dxe4 12. Nxe4 Be6 13. h3 Rc8 14. Nxd6
Qxd6 15. Bf5 Qd5 16. Be4 Qh5 17. Rfe1 Ng6 18. Bxg6 fxg6 19. Nh2 Kh7 20. Re3 Qb5
21. Rae1 Bf5 22. Qd2 Rxe3 23. Rxe3 Rc7 24. Nf1 Rd7 25. Re1 g5 26. Ne3 Bg6 27.
b3 Qa5 28. Rd1 Qd8 29. c4 Bh5 30. Qd3+ Bg6 31. Qd2 Qe8 32. d5 c5 33. b4 b6 34.
bxc5 bxc5 35. Re1 Qb8 36. a3 Rb7 37. d6 Rd7 38. Rd1 Be4 39. f3 Bc6 40. Qd3+ Kh8
41. Nf5 Ba4 42. Rd2 Qb3 43. Qd5 Qxa3 44. Re2 Rd8 45. Qf7 Rg8 46. d7 Qc1+ 47.
Kf2 Bxd7 48. Qxd7 Qxc4 49. Qxa7 Qd5 50. g4 h5 51. Qc7 g6 52. Ng3 Qd4+ 53. Kg2
h4 54. Nf1 Qf4 55. Qb7 Rb8 56. Qf7 c4 57. Qxg6 Qd6 58. Rd2 Qe6 59. Qc2 Rc8 60.
Re2 Qd6 61. Qc3 Rc7 62. Re4 Re7 63. Qxc4 Rxe4 64. Qxe4 Kg7 65. Qe2 Kf7 66. Qa2+
Kg7 67. Qe2 Kf7 68. Qa2+ Kg7 69. Qf2 Kg6 70. Qe1 Kf7 71. Nd2 Qb4 72. Qe3 Qd6
73. Ne4 Qe5 74. Nxg5+ Qxg5 75. Qxg5 fxg5 76. Kf2 Kf6 77. Ke3 Ke5 78. f4+ 1-0

[Event "Waikato Open"]
[Site "Hamilton"]
[Date "2012.08.04"]
[Round "4.3"]
[White "Lim, Benji"]
[Black "Burns, Christopher J"]
[Result "0-1"]
[WhiteElo "2056"]
[BlackElo "2097"]
[PlyCount "138"]
[EventDate "2012.08.03"]
[EventType "swiss"]
[EventRounds "6"]
[SourceDate "2010.09.23"]

1. e4 e5 2. Nf3 Nc6 3. d4 exd4 4. Nxd4 Nf6 5. Nxc6 bxc6 6. e5 Qe7 7. Qe2 Nd5 8.
c4 Ba6 9. b3 g6 10. g3 Bg7 11. Bb2 O-O 12. Bg2 Rfe8 13. O-O Bxe5 14. Qxe5 Qxe5
15. Bxe5 Rxe5 16. cxd5 Bxf1 17. Kxf1 cxd5 18. Nc3 c6 19. Re1 Rxe1+ 20. Kxe1 Rb8
21. Bh3 f5 22. Kd2 Kf7 23. Bf1 Ke6 24. Kd3 Kd6 25. h4 a5 26. Bg2 Rb4 27. Bf3
Ke5 28. Kc2 h6 29. Ne2 g5 30. Nc1 Kd6 31. Nd3 Rb8 32. h5 c5 33. Be2 Re8 34. Kd2
a4 35. bxa4 c4 36. Nb4 Ra8 37. Nxd5 Rxa4 38. Nc3 Rb4 39. Kc2 Kc5 40. Bf3 Rb8
41. Bd5 Re8 42. Kd2 Re5 43. Bg2 Kb4 44. a4 Kb3 45. Bd5 Kb4 46. f4 gxf4 47. gxf4
Re8 48. Bf7 Rf8 49. Bg6 Kc5 50. Ne2 d5 51. Kc3 Ra8 52. Bxf5 Rxa4 53. Bc2 Ra3+
54. Kd2 d4 55. Be4 Rh3 56. Bg6 Rh2 57. Ke1 d3 58. Ng3 Kb4 59. f5 Rg2 60. Ne4
Re2+ 61. Kd1 Rxe4 62. f6 Rf4 63. f7 Kc3 64. Ke1 Rf6 65. Be4 Rxf7 66. Bg6 Rf6
67. Bh7 Kc2 68. Bg6 Rxg6 69. hxg6 d2+ 0-1

[Event "Waikato Open"]
[Site "Hamilton"]
[Date "2012.08.04"]
[Round "4.4"]
[White "Zhang, William Jiewen"]
[Black "Duneas, John"]
[Result "0-1"]
[WhiteElo "1864"]
[BlackElo "2226"]
[PlyCount "108"]
[EventDate "2012.08.03"]
[EventType "swiss"]
[EventRounds "6"]
[SourceDate "2010.09.23"]

1. d4 d5 2. c4 c6 3. Nc3 Nf6 4. Nf3 dxc4 5. e3 Bg4 6. Bxc4 e6 7. O-O Be7 8. h3
Bh5 9. Be2 O-O 10. e4 Nbd7 11. Be3 Bg6 12. Bd3 c5 13. Qe2 cxd4 14. Bxd4 Qa5 15.
a3 Rfd8 16. b4 Qc7 17. Nb5 Qb8 18. Rac1 Ne8 19. Rfd1 a6 20. Nc3 b5 21. e5 Nb6
22. Bxg6 hxg6 23. Ne4 Nc4 24. Rc3 Nc7 25. Ned2 Nd5 26. Rb3 Nxd2 27. Rxd2 Qb7
28. Rc2 Rac8 29. Rbb2 Nb6 30. Bxb6 Qxb6 31. Rxc8 Rxc8 32. Rc2 Rd8 33. Rd2 Qc6
34. Rxd8+ Bxd8 35. Qd2 Bc7 36. Kh1 Kf8 37. Kg1 Ke8 38. Qe3 Qd5 39. g3 Qc6 40.
Kh2 Bb6 41. Qf4 Qc2 42. Nd2 g5 43. Qe4 Qxe4 44. Nxe4 Bd4 45. f4 gxf4 46. gxf4
Bb2 47. Nc5 Bxa3 48. Nxa6 Kd7 49. Nc5+ Kc6 50. Ne4 Bxb4 51. Ng5 Bd2 52. Kg3 b4
53. Ne4 Be1+ 54. Kf3 b3 0-1

[Event "Waikato Open"]
[Site "Hamilton"]
[Date "2012.08.04"]
[Round "4.5"]
[White "Rossiter, Philip E"]
[Black "Smith, Robert W"]
[Result "0-1"]
[WhiteElo "1810"]
[BlackElo "2333"]
[PlyCount "124"]
[EventDate "2012.08.03"]
[EventType "swiss"]
[EventRounds "6"]
[SourceDate "2010.09.23"]

1. c4 Nf6 2. Nc3 g6 3. d4 Bg7 4. e4 d6 5. Nf3 O-O 6. Be2 Nbd7 7. O-O e5 8. d5
a5 9. h3 Nc5 10. Qc2 Nh5 11. Bg5 f6 12. Be3 f5 13. exf5 Bxf5 14. Qd2 Nf4 15.
Bxf4 exf4 16. Nd4 Bd7 17. Bf3 Be5 18. Rad1 Qg5 19. Ne6 Bxe6 20. dxe6 c6 21. Ne4
Nxe4 22. Bxe4 Qf6 23. b4 Qxe6 24. b5 Qxc4 25. Bd3 Qf7 26. bxc6 bxc6 27. Rc1 Qd7
28. Be4 d5 29. Rfd1 Kg7 30. Qc2 Rab8 31. Bf3 Rf6 32. Qa4 Rb5 33. Be2 Rb2 34.
Bg4 Qa7 35. Rc2 Rb4 36. Qa3 Qb6 37. Qd3 Rd4 38. Qe2 Rxd1+ 39. Qxd1 Rf7 40. Re2
Re7 41. Qe1 Qc7 42. Bf3 Bf6 43. Rxe7+ Bxe7 44. Qc3+ Bf6 45. Qc5 Be5 46. Bd1 Qd6
47. Qxa5 c5 48. Qa7+ Kh6 49. Bc2 c4 50. Qf7 Qc5 51. h4 d4 52. Be4 d3 53. h5 Qd6
54. hxg6 hxg6 55. Qxc4 d2 56. Bf3 d1=Q+ 57. Bxd1 Qxd1+ 58. Kh2 f3+ 59. g3 Qd4
60. Qf1 Kg7 61. Qe1 Bf6 62. Kg1 Qa1 0-1

[Event "Waikato Open"]
[Site "Hamilton"]
[Date "2012.08.04"]
[Round "4.6"]
[White "Wright, Caleb"]
[Black "Shierlaw, Hamish"]
[Result "1-0"]
[WhiteElo "1979"]
[BlackElo "1628"]
[PlyCount "83"]
[EventDate "2012.08.03"]
[EventType "swiss"]
[EventRounds "6"]
[SourceDate "2010.09.23"]

1. d4 Nf6 2. c4 e6 3. g3 d5 4. Bg2 Be7 5. Nf3 O-O 6. Nc3 c6 7. b3 Nbd7 8. O-O
b6 9. Bb2 Bb7 10. Qd3 c5 11. cxd5 Nxd5 12. Nxd5 Bxd5 13. e4 Bb7 14. Rfd1 cxd4
15. Nxd4 Ne5 16. Qb5 Bd6 17. Nxe6 Bc6 18. Qe2 fxe6 19. Bxe5 Qe8 20. Rxd6 Bb5
21. Qb2 Qf7 22. f3 Rac8 23. Rc1 Bd7 24. Rxc8 Rxc8 25. Qd2 Bb5 26. Rd8+ Rxd8 27.
Qxd8+ Qe8 28. Qxe8+ Bxe8 29. Bb8 a6 30. Kf2 Kf7 31. Ke3 Ke7 32. Kd4 Kd7 33. Ke5
Bf7 34. a4 Kc6 35. Bh3 Kd7 36. Bd6 Bg8 37. Bf1 a5 38. Bb5+ Kd8 39. f4 g6 40.
Bc4 Bf7 41. f5 gxf5 42. exf5 1-0

[Event "Waikato Open"]
[Site "Hamilton"]
[Date "2012.08.04"]
[Round "4.7"]
[White "Ang, Alphaeus WeiErn"]
[Black "Lyall, Simon"]
[Result "1-0"]
[WhiteElo "1814"]
[BlackElo "1880"]
[PlyCount "121"]
[EventDate "2012.08.03"]
[EventType "swiss"]
[EventRounds "6"]
[SourceDate "2010.09.23"]

1. d4 d5 2. Nc3 Nf6 3. Bf4 Bf5 4. e3 e6 5. a3 c5 6. Nf3 c4 7. Be2 Bd6 8. Bxd6
Qxd6 9. O-O O-O 10. h3 Nbd7 11. Nd2 a6 12. f3 Bg6 13. e4 Qb6 14. exd5 Qxd4+ 15.
Kh2 exd5 16. f4 h6 17. Qc1 Rfe8 18. Nf3 Qb6 19. Rd1 Rad8 20. Nd4 Qd6 21. Nf3
Nb6 22. a4 Qc5 23. a5 Na8 24. Nd4 Be4 25. Nxe4 Rxe4 26. c3 Qc7 27. g3 Qe7 28.
Bf3 Qc7 29. Bxe4 Nxe4 30. Qe3 Qc5 31. Nf5 Qb5 32. Qe2 Re8 33. Qc2 Nc7 34. Re1
Qd7 35. Nd4 Qd6 36. Nf3 Qg6 37. Qg2 Kf8 38. Ne5 Qf5 39. Re2 Ne6 40. Rf1 N6c5
41. Rd1 f6 {(=)} 42. Ng4 Nd3 43. Ne3 Qh5 44. g4 Qf7 45. Qf3 Qd7 46. Nxc4 dxc4
47. Rxe4 Rxe4 48. Qxe4 Qc7 49. Rf1 g5 50. Kh1 Nxf4 51. Re1 Qd8 52. Qd4 Qxd4 53.
cxd4 Nd5 54. Re6 Kf7 55. Rd6 c3 56. Rxd5 Ke6 57. Rf5 cxb2 58. Rf1 Kd5 59. Rb1
Kxd4 60. Rxb2 Kc5 61. Rxb7 1-0

[Event "Waikato Open"]
[Site "Hamilton"]
[Date "2012.08.05"]
[Round "5.1"]
[White "Noble, Mark F"]
[Black "Hart, Ralph"]
[Result "1/2-1/2"]
[WhiteElo "2300"]
[BlackElo "2272"]
[PlyCount "55"]
[EventDate "2012.08.03"]
[EventType "swiss"]
[EventRounds "6"]
[SourceDate "2010.09.23"]

1. e4 c5 2. Nf3 Nc6 3. d3 g6 4. c3 Bg7 5. Nbd2 Nf6 6. Be2 O-O 7. Qc2 d5 8. h3
b6 9. Nf1 Bb7 10. Ng3 Rc8 11. Bd2 Qc7 12. O-O Nd8 13. Rfe1 Ne6 14. Bf1 Rfd8 15.
Qc1 Ba6 16. Ng5 Nxg5 17. Bxg5 dxe4 18. dxe4 Bxf1 19. Nxf1 Qb7 20. Qf4 Nh5 21.
Qh4 Bf6 22. e5 Bxg5 23. Qxg5 Ng7 24. Ng3 Rd5 25. Re4 f5 26. Re2 Ne6 27. Qh6 Qc6
28. Rae1 1/2-1/2

[Event "Waikato Open"]
[Site "Hamilton"]
[Date "2012.08.05"]
[Round "5.2"]
[White "Garbett, Paul A"]
[Black "Hague, Ben"]
[Result "0-1"]
[WhiteElo "2338"]
[BlackElo "2436"]
[PlyCount "125"]
[EventDate "2012.08.03"]
[EventType "swiss"]
[EventRounds "6"]
[SourceDate "2010.09.23"]

1. e4 e6 2. d4 d5 3. Nd2 c5 4. Ngf3 Nf6 5. exd5 exd5 6. Bb5+ Bd7 7. Qe2+ Be7 8.
dxc5 O-O 9. O-O Bxc5 10. Bxd7 Qxd7 11. Nb3 Bb6 12. c3 Nc6 13. Qd3 Rfe8 14. Nbd4
Re4 15. Bg5 Nxd4 16. Nxd4 Bxd4 17. cxd4 Qe6 18. f3 Re2 19. Bd2 Re8 20. Rae1
Rxe1 21. Rxe1 Qb6 22. Rxe8+ Nxe8 23. b3 Nc7 24. Qc3 h6 25. Qc5 Qxc5 26. dxc5
Kf8 27. Kf2 Ke8 28. g4 Kd7 29. f4 Kc6 30. Bc3 f6 31. Ke3 Kxc5 32. Bd4+ Kc6 33.
a4 a5 34. f5 Na6 35. Kd3 Nc5+ 36. Kc2 Ne4 37. h4 Nd6 38. h5 Nf7 39. b4 axb4 40.
Kb3 Ng5 41. Kxb4 b6 42. Bf2 Ne4 43. Be3 Nc5 44. Bd4 Ne4 45. Be3 Ng5 46. Bf4 Nf7
47. Bg3 Ne5 48. Bf2 Nc4 49. Bd4 Nd6 50. Be3 Nf7 51. Bd4 Ng5 52. Be3 Nf3 53. Bf4
Nd4 54. Bg3 Nc2+ 55. Kc3 Ne3 56. Kd4 Nxg4 57. Be1 Ne5 58. Bb4 Nf7 59. Bf8 Nd6
60. Ke3 Nxf5+ 61. Kf3 Nd4+ 62. Kg4 Ne6 63. Bb4 0-1

[Event "Waikato Open"]
[Site "Hamilton"]
[Date "2012.08.05"]
[Round "5.3"]
[White "Burns, Christopher J"]
[Black "Smith, Robert W"]
[Result "0-1"]
[WhiteElo "2097"]
[BlackElo "2333"]
[PlyCount "80"]
[EventDate "2012.08.03"]
[EventType "swiss"]
[EventRounds "6"]
[SourceDate "2010.09.23"]

1. e4 c5 2. Nf3 e6 3. g3 Nc6 4. Bg2 Nf6 5. d3 d6 6. Qe2 Qc7 7. c3 Be7 8. Na3
O-O 9. O-O a6 10. Nc2 b5 11. d4 Bb7 12. Nh4 cxd4 13. cxd4 Rfe8 14. Bd2 d5 15.
e5 Nd7 16. Nf3 Rac8 17. Rac1 Qb6 18. b4 Qd8 19. a3 Nb6 20. h4 Nc4 21. Bg5 a5
22. Bxe7 Qxe7 23. Rb1 axb4 24. axb4 Ra8 25. Nfe1 Ra2 26. Qd1 Rea8 27. Nd3 Bc8
28. Nc5 Bd7 29. Re1 Be8 30. Bf1 Qa7 31. Ne3 Rd2 32. Ra1 Qb8 33. Rxa8 Qxa8 34.
Qa1 Ra2 35. Qc3 Ra3 36. Nb3 Qa4 37. Ra1 Rxb3 38. Rxa4 Rxc3 39. Ra8 Kf8 40. Nxc4
dxc4 0-1

[Event "Waikato Open"]
[Site "Hamilton"]
[Date "2012.08.05"]
[Round "5.4"]
[White "Duneas, John"]
[Black "Stuart, Peter W"]
[Result "1-0"]
[WhiteElo "2226"]
[BlackElo "2107"]
[PlyCount "66"]
[EventDate "2012.08.03"]
[EventType "swiss"]
[EventRounds "6"]
[SourceDate "2010.09.23"]

1. d4 Nf6 2. c4 e6 3. Nc3 Bb4 4. e3 b6 5. Bd3 Bb7 6. f3 Bxc3+ 7. bxc3 d6 8. Ne2
O-O 9. O-O Qe7 10. e4 e5 11. Be3 Nc6 12. Qa4 Na5 13. c5 dxc5 14. dxc5 Qd7 15.
Bb5 Bc6 16. Bxc6 Qxc6 17. Qb4 Nb7 18. cxb6 axb6 19. a4 Na5 20. Rfd1 h6 21. Ng3
Rfd8 22. Nf5 Rxd1+ 23. Rxd1 Qc4 24. Qe7 Qxa4 25. Rd8+ Rxd8 26. Qxd8+ Ne8 27. h3
Nc4 28. Bxh6 gxh6 29. Nxh6+ Kf8 30. Nf5 Ncd6 31. Qe7+ Kg8 32. Qg5+ Kf8 33. Qh6+
Ng7 1-0

[Event "Waikato Open"]
[Site "Hamilton"]
[Date "2012.08.05"]
[Round "5.5"]
[White "Pinic, Noel"]
[Black "Wagner, Stefan"]
[Result "1-0"]
[WhiteElo "2251"]
[BlackElo "1942"]
[PlyCount "51"]
[EventDate "2012.08.03"]
[EventType "swiss"]
[EventRounds "6"]
[SourceDate "2010.09.23"]

1. c4 e5 2. Nc3 Nf6 3. Nf3 Nc6 4. g3 g6 5. Bg2 Bg7 6. O-O O-O 7. e3 d6 8. d4
exd4 9. Nxd4 Ne5 10. b3 c6 11. h3 Re8 12. Bb2 Ned7 13. Qc2 Nb6 14. Rad1 Qc7 15.
Rfe1 Bd7 16. Rd2 Rad8 17. Red1 Bc8 18. Ba3 d5 19. cxd5 Nbxd5 20. Nxd5 Nxd5 21.
Kh2 a6 22. Qc1 Qa5 23. Bc5 Nf6 24. a4 Kh8 25. Bxc6 bxc6 26. Nxc6 1-0

[Event "Waikato Open"]
[Site "Hamilton"]
[Date "2012.08.05"]
[Round "5.6"]
[White "Bennett, Hilton P"]
[Black "Lim, Benji"]
[Result "0-1"]
[WhiteElo "2117"]
[BlackElo "2056"]
[PlyCount "52"]
[EventDate "2012.08.03"]
[EventType "swiss"]
[EventRounds "6"]
[SourceDate "2010.09.23"]

1. e4 c5 2. Nc3 Nc6 3. f4 g6 4. Nf3 Bg7 5. Bb5 Nd4 6. Bd3 e6 7. Nxd4 cxd4 8.
Nb5 d6 9. c3 dxc3 10. dxc3 Bf8 11. O-O Bd7 12. Kh1 h5 13. f5 gxf5 14. exf5 e5
15. Bc4 Bc6 16. Qe2 Be7 17. Be3 h4 18. h3 Nf6 19. Rg1 Qd7 20. Nxa7 Rxa7 21.
Bxa7 Qxf5 22. Qe3 Ng4 23. Qd3 Qf4 24. hxg4 h3 25. Bd5 hxg2+ 26. Kxg2 Rh2# 0-1